Etiqueta de registo: 00000nam 2200025 450
001 1850574
003 http://id.bnportugal.gov.pt/bib/catbnp/1850574
010 ## $a978-972-40-5200-7
021 ## $aPT$b363299/13
100 ## $a20130924d2013 k y0pory01030103ba
101 0# $apor$deng
102 ## $aPT
105 ## $ay z 000yy
106 ## $ar
200 1# $aOposição vs impugnação judicial$eárea de especialização direito fiscal$fAntónio Soares da Rocha
210 #9 $aCoimbra$cAlmedina,$d2013
215 ## $a79 p.$d23cm
225 2# $aMonografias
320 ## $aBibliografia, p. 79
532 12 $aOposição versus impugnação judicial
675 ## $a347.91/.95(469)$vBN$zpor$3573458
675 ## $a336.22(469)$vBN$zpor$3565339
700 #1 $aRocha,$bAntónio Soares da$31546027
801 #0 $aPT$bBN$gRPC
856 41 $uhttp://rnod.bnportugal.gov.pt/ImagesBN/winlibimg.aspx?skey=&doc=1850574&img=31942&save=true
900 ## $aBIBNAC$d20131009
966 ## $lBN$mFGMON$sS.C. 135156 V.$x1
Etiqueta de registo: 00254nam 2200025 450
001 2228855
003 http://id.bnportugal.gov.pt/bib/catbnp/2228855
010 ## $a978-989-40-2694-5
021 ## $aPT$b547309/25
100 ## $a20251015d2025 k y0pory01030103ba
101 0# $apor
102 ## $aPT
105 ## $ay z 000yy
106 ## $ar
200 1# $aOposição vs impugnação judicial$fAntónio Soares da Rocha
205 ## $a3ª ed
210 #9 $aCoimbra$cAlmedina,$d2025
215 ## $a136 p.$d23 cm
225 2# $aMonografias
532 12 $aOposição versus impugnação judicial
675 ## $a347.91/.95(469)$vBN$zpor$3573458
675 ## $a336.22(469)$vBN$zpor$3565339
700 #1 $aRocha,$bAntónio Soares da$31546027
801 #0 $aPT$bBN$gRPC
856 41 $uhttp://rnod.bnportugal.gov.pt/ImagesBN/winlibimg.aspx?skey=&doc=2228855&img=215518&save=true
900 ## $aBIBNAC$d20251127
966 ## $lBN$mFGMON$sS.C. 168070 V.$x1
966 ## $lBN$mFGMON$sS.C. 168070 V.-D$x1
971 ## $casantos$d20251015
973 ## $cigoulao$d20251119
975 ## $e0$d20251127$viquintas
Etiqueta de registo: 00000nam 2200025 450
001 1924984
003 http://id.bnportugal.gov.pt/bib/catbnp/1924984
010 ## $a978-972-40-6557-1
021 ## $aPT$b414820/16
100 ## $a20160311d2016 k y0pory01030103ba
101 0# $apor
102 ## $aPT
105 ## $ay z 000yy
106 ## $ar
200 1# $aOposição vs impugnação judicial$eárea de especialização, direito fiscal$fAntónio Soares da Rocha
205 ## $a2ª ed
210 #9 $aCoimbra$cAlmedina,$d2016
215 ## $a136 p.$d23 cm
225 2# $aMonografias
532 12 $aOposição versus impugnação judicial
675 ## $a336.22(469)$vBN$zpor$3565339
675 ## $a347.91/.95(469)$vBN$zpor$3573458
700 #1 $aRocha,$bAntónio Soares da$31546027
801 #0 $aPT$bBN$gRPC
856 41 $uhttp://rnod.bnportugal.gov.pt/ImagesBN/winlibimg.aspx?skey=&doc=1924984&img=121551&save=true
900 ## $aBIBNAC$d20190306
966 ## $lBN$mFGMON$sS.C. 149893 V.$x1
966 ## $lBN$mFGMON$sS.C. 149893 V.-D$x1
Etiqueta de registo: 00000nam 2200025 450
001 1874914
003 http://id.bnportugal.gov.pt/bib/catbnp/1874914
010 ## $a978-972-788-882-5
021 ## $aPT$b369038/13
100 ## $a20140602d2014 m y0pory01030103ba
101 0# $apor
102 ## $aPT
105 ## $ay z 000yy
106 ## $ar
200 1# $a O essencial sobre o arrendamento urbano$fAntónio Soares da Rocha
210 #9 $aPorto$cVida Económica,$d2014
215 ## $a175 p.$d21 cm
320 ## $aBibliografia, p. 175
675 ## $a347.45(469)(035)$vBN$zpor$31294526
700 #1 $aRocha,$bAntónio Soares da$31546027
801 #0 $aPT$bBN$gRPC
856 41 $uhttp://rnod.bnportugal.gov.pt/ImagesBN/winlibimg.aspx?skey=&doc=1874914&img=44004&save=true
900 ## $aBIBNAC$d20140625
966 ## $lBN$mFGMON$sS.C. 138056 V.$x1
966 ## $lBN$mFGMON$sS.C. 138056 V.-D$x1
Etiqueta de registo: 00000nam 2200025 450
001 1918127
003 http://id.bnportugal.gov.pt/bib/catbnp/1918127
010 ## $a978-989-768-098-4
021 ## $aPT$b393252/15
100 ## $a20151216d2015 m y0pory01030103ba
101 0# $apor
102 ## $aPT
105 ## $ay z 000yy
106 ## $ar
200 1# $aMinutas e formulários$eanotados e comentados$fAntónio Soares da Rocha
210 #9 $aPorto$cVida Económica,$d2015
215 ## $a347 p.$d24 cm
675 ## $a34(469)(083.2)$vBN$zpor$31586486
700 #1 $aRocha,$bAntónio Soares da$31546027
801 #0 $aPT$bBN$gRPC
856 41 $uhttp://rnod.bnportugal.gov.pt/ImagesBN/winlibimg.aspx?skey=&doc=1918127&img=70636&save=true
900 ## $aBIBNAC$d20160108
966 ## $lBN$mFGMON$sS.C. 142135 V.$x1
Etiqueta de registo: 00000nam 2200025 450
001 1936145
003 http://id.bnportugal.gov.pt/bib/catbnp/1936145
010 ## $a978-989-768-214-8
021 ## $aPT$b406836/16
100 ## $a20160708d2016 m y0pory01030103ba
101 0# $apor
102 ## $aPT
105 ## $ay z 000yy
106 ## $ar
200 1# $aMinutas e formulários$eanotados e comentados$fAntónio Soares da Rocha
205 ## $a2ª ed
210 #9 $aPorto$cVida Económica,$d2016
215 ## $a383, [1] p.$d24 cm
675 ## $a34(469)(083.2)$vBN$zpor$31586486
700 #1 $aRocha,$bAntónio Soares da$31546027
801 #0 $aPT$bBN$gRPC
856 41 $uhttp://rnod.bnportugal.gov.pt/ImagesBN/winlibimg.aspx?skey=&doc=1936145&img=78986&save=true
900 ## $aBIBNAC$d20160726
966 ## $lBN$mFGMON$sS.C. 143486 V.$x1
Etiqueta de registo: 00000nam 2200025 450
001 1962322
003 http://id.bnportugal.gov.pt/bib/catbnp/1962322
010 ## $a978-989-768-294-0
021 ## $aPT$b406836/16
100 ## $a20170511d2016 m y0pory01030103ba
101 0# $apor
102 ## $aPT
105 ## $ay z 000yy
106 ## $ar
200 1# $aMinutas e formulários$eanotados e comentados$fAntónio Soares da Rocha
205 ## $a3ª ed
210 #9 $aPorto$cVida Económica,$d2016
215 ## $a383, [1] p.$d24 cm
675 ## $a34(469)(083.2)$vBN$zpor$31586486
700 #1 $aRocha,$bAntónio Soares da$31546027
801 #0 $aPT$bBN$gRPC
856 41 $uhttp://rnod.bnportugal.gov.pt/ImagesBN/winlibimg.aspx?skey=&doc=1962322&img=93686&save=true
900 ## $aBIBNAC$d20170524
966 ## $lBN$mFGMON$sS.C. 145524 V.$x1
Etiqueta de registo: 00000nam 2200025 450
001 1984347
003 http://id.bnportugal.gov.pt/bib/catbnp/1984347
010 ## $a978-989-768-375-6
021 ## $aPT$b429494/17
100 ## $a20180306d2017 m y0pory01030103ba
101 0# $apor
102 ## $aPT
105 ## $ay z 000yy
106 ## $ar
200 1# $a A demanda e a defesa nas execuções cíveis e fiscais$fAntónio Soares da Rocha
210 #9 $aPorto$cVida Económica,$d2017
215 ## $a343, [8] p.$d23 cm
675 ## $a347.95(469)$vBN$zpor$3787002
675 ## $a336.22(469)$vBN$zpor$3565339
700 #1 $aRocha,$bAntónio Soares da$31546027
801 #0 $aPT$bBN$gRPC
856 41 $uhttp://rnod.bnportugal.gov.pt/ImagesBN/winlibimg.aspx?skey=&doc=1984347&img=106954&save=true
900 ## $aBIBNAC$d20180316
966 ## $lBN$mFGMON$sS.C. 147498 V.$x1
966 ## $lBN$mFGMON$sS.C. 147498 V.-D$x1
Etiqueta de registo: 00000nam 2200025 450
001 2001633
003 http://id.bnportugal.gov.pt/bib/catbnp/2001633
010 ## $a978-989-768-443-2
021 ## $aPT$b437182/18
100 ## $a20180926d2018 m y0pory01030103ba
101 0# $apor
102 ## $aPT
105 ## $ay z 000yy
106 ## $ar
200 1# $aMinutas e formulários$eanotados e comentados$fAntónio Soares da Rocha
205 ## $a4ª ed. rev. e atualiz
210 #9 $aPorto$cVida Económica,$d2018
215 ## $a399, [1] p.$d24 cm
675 ## $a34(469)(083.2)$vBN$zpor$31586486
700 #1 $aRocha,$bAntónio Soares da$31546027
801 #0 $aPT$bBN$gRPC
856 41 $uhttp://rnod.bnportugal.gov.pt/ImagesBN/winlibimg.aspx?skey=&doc=2001633&img=115292&save=true
900 ## $aBIBNAC$d20181025
966 ## $lBN$mFGMON$sS.C. 148936 V.$x1
966 ## $lBN$mFGMON$sS.C. 148936 V.-D$x1
Etiqueta de registo: 00000nam 2200025 450
001 2033760
003 http://id.bnportugal.gov.pt/bib/catbnp/2033760
010 ## $a978-989-768-650-4
021 ## $aPT$b462716/19
100 ## $a20191118d2019 m y0pory01030103ba
101 0# $apor
102 ## $aPT
105 ## $ay z 000yy
106 ## $ar
200 1# $aManual do regime jurídico do arrendamento$e a narrativa, o pragmatismo, a ciência e o pleito no arrendamento$fAntónio Soares da Rocha
210 #9 $aPorto$cVida Económica,$d2019
215 ## $a299, [4] p.$d23 cm
675 ## $a347.45(469)$vBN$zpor$31243920
700 #1 $aRocha,$bAntónio Soares da$31546027
801 #0 $aPT$bBN$gRPC
856 41 $uhttp://rnod.bnportugal.gov.pt/ImagesBN/winlibimg.aspx?skey=&doc=2033760&img=132123&save=true
900 ## $aBIBNAC$d20191126
966 ## $lBN$mFGMON$sS.C. 151868 V.$x1
966 ## $lBN$mFGMON$sS.C. 151868 V.- D $x1
Etiqueta de registo: 00000nam 2200025 450
001 2059212
003 http://id.bnportugal.gov.pt/bib/catbnp/2059212
010 ## $a978-989-768-704-4
021 ## $aPT$b470003/20
100 ## $a20201109d2020 m y0pory01030103ba
101 0# $apor
102 ## $aPT
105 ## $ay z 000yy
106 ## $ar
200 1# $aMinutas e formulários$fAntónio Soares da Rocha
205 ## $a5ª ed. ref.
210 #9 $aPorto$cVida Económica,$d2020
215 ## $a455, [8] p.$d24 cm
675 ## $a34(469)(083.2)$vBN$zpor$31586486
702 #1 $aRocha,$bAntónio Soares da$4220$31546027
801 #0 $aPT$bBN$gRPC
856 41 $uhttp://rnod.bnportugal.gov.pt/ImagesBN/winlibimg.aspx?skey=&doc=2059212&img=144935&save=true
900 ## $aBIBNAC$d20201112
966 ## $lBN$mFGMON$sS.C. 153866 V.$x1
966 ## $lBN$mFGMON$sS.C. 153866 V.-D$x1
Etiqueta de registo: 00254nam 2200025 450
001 2223959
003 http://id.bnportugal.gov.pt/bib/catbnp/2223959
010 ## $a978-989-788-210-4
021 ## $aPT$b542021/25
100 ## $a20250822d2025 m y0pory01030103ba
101 0# $apor
102 ## $aPT
105 ## $ay z 000yy
106 ## $ar
200 1# $aMinutas e formulários$eanotados e comentados$fAntónio Soares da Rocha
205 ## $a6ª ed. ref
210 #9 $aPorto$cVida Económica,$d2024
215 ## $a463, [31 p.$d24 cm
675 ## $a34(469)(083.2)$vBN$zpor$31586486
700 #1 $aRocha,$bAntónio Soares da$31546027
801 #0 $aPT$bBN$gRPC
856 41 $uhttp://rnod.bnportugal.gov.pt/ImagesBN/winlibimg.aspx?skey=&doc=2223959&img=211884&save=true
900 ## $aBIBNAC$d20250912
966 ## $lBN$mFGMON$sS.C. 167499 V.$x1
966 ## $lBN$mFGMON$sS.C. 167499 V.-D$x1
971 ## $casantos$d20250822
972 ## $e0$z0$d20250912$viquintas
973 ## $cmlsousa$d20250908
Etiqueta de registo: 00254nam 2200025 450
001 2226101
003 http://id.bnportugal.gov.pt/bib/catbnp/2226101
010 ## $a978-989-788-288-3
021 ## $aPT$b552012/25
100 ## $a20250912d2025 m y0pory01030103ba
101 0# $apor
102 ## $aPT
105 ## $ay z 000yy
106 ## $ar
200 1# $a A tributação real e a abnegação aos benefícios económicos (uma razão, um povo e
uma nação)$fAntónio Soares da Rocha
210 #9 $aPorto$cVida Económica,$d2025
215 ## $a189, [3] p.$d23 cm
675 ## $a336.22(469)$vBN$zpor$3565339
675 ## $a351.71(469)$vBN$zpor$3297212
700 #1 $aRocha,$bAntónio Soares da$31546027
801 #0 $aPT$bBN$gRPC
856 41 $uhttp://rnod.bnportugal.gov.pt/ImagesBN/winlibimg.aspx?skey=&doc=2226101&img=213523&save=true
900 ## $aBIBNAC$d20251015
966 ## $lBN$mFGMON$sL. 178651 V.$x1
966 ## $lBN$mFGMON$sL. 178651 V.-D$x1
971 ## $corlando$d20250912
972 ## $e0$z0$d20251015$vasantos
973 ## $cigoulao$d20251013